Sports Quiz

Random Sports or NHL Quiz

NHL Top Scorer by Age Quiz Stats

Quiz Updated Apr 10, 2015

Challenge
Share
Tweet
Embed
Score 0/125 Timer 07:00
3 Plays Today
% Correct
Wayne Gretzky
97.4%
Wayne Gretzky
97.4%
Wayne Gretzky
97.4%
Wayne Gretzky
97.4%
Wayne Gretzky
97.4%
Wayne Gretzky
97.4%
Wayne Gretzky
97.4%
Wayne Gretzky
97.4%
Wayne Gretzky
97.4%
Wayne Gretzky
97.4%
Wayne Gretzky
97.4%
Wayne Gretzky
97.4%
Wayne Gretzky
97.4%
Wayne Gretzky
97.4%
Wayne Gretzky
97.4%
Wayne Gretzky
97.4%
Wayne Gretzky
97.4%
Sidney Crosby
92.9%
Sidney Crosby
92.9%
Jaromir Jagr
89.8%
Jaromir Jagr
89.8%
Jaromir Jagr
89.8%
Jaromir Jagr
89.8%
Mario Lemieux
89.3%
Mario Lemieux
89.3%
Mario Lemieux
89.3%
Mario Lemieux
89.3%
Mario Lemieux
89.3%
Mario Lemieux
89.3%
Mario Lemieux
89.3%
Mario Lemieux
89.3%
Mario Lemieux
88.1%
Jaromir Jagr
87.7%
Gordie Howe
82.7%
Gordie Howe
82.7%
Gordie Howe
82.7%
Gordie Howe
82.7%
Mark Messier
81.5%
Mark Messier
81.5%
Mark Messier
81.5%
Mark Messier
81.5%
Mark Messier
81.5%
% Correct
Bobby Orr
80.8%
Bobby Orr
80.8%
Bobby Orr
80.8%
Steve Yzerman
79.1%
Steve Yzerman
79.1%
Steve Yzerman
79.1%
Steve Yzerman
79.1%
Teemu Selänne
77.5%
Teemu Selänne
77.5%
Teemu Selänne
75.5%
Teemu Selänne
75.4%
Brett Hull
74.2%
Bobby Hull
74.2%
Joe Sakic
72.7%
Joe Sakic
72.7%
Joe Sakic
72.7%
Jaromir Jagr
68.9%
Mike Bossy
68%
Phil Esposito
66.7%
Phil Esposito
66.7%
Phil Esposito
66.7%
Phil Esposito
66.7%
Phil Esposito
66.7%
Jari Kurri
66.1%
Jari Kurri
66.1%
Steven Stamkos
59.6%
Guy Lafleur
59.3%
Guy Lafleur
59.3%
Guy Lafleur
59.3%
Ron Francis
59%
Ron Francis
59%
Ron Francis
59%
Martin St. Louis
58.5%
Marcel Dionne
57.6%
Marcel Dionne
57.6%
Marcel Dionne
57.6%
Marcel Dionne
57.6%
Marcel Dionne
57.6%
Paul Coffey
55%
Bryan Trottier
54.8%
Bryan Trottier
54.8%
Martin St. Louis
53%
% Correct
Daniel Alfredsson
52.8%
Daniel Alfredsson
51.6%
Mark Recchi
48.5%
Dale Hawerchuk
48.2%
Dale Hawerchuk
48.2%
Adam Oates
47.7%
Adam Oates
47.7%
Adam Oates
47.7%
Adam Oates
47.7%
Pat LaFontaine
46.1%
Denis Savard
44.8%
Denis Savard
44.8%
Peter Stastny
40.8%
Doug Gilmour
40.6%
John Bucyk
36.3%
John Bucyk
36.3%
John Bucyk
36.3%
John Bucyk
36.3%
John Bucyk
36.3%
John Bucyk
36.3%
Jean Beliveau
36.1%
Bernie Nicholls
34.6%
Pierre Turgeon
32.5%
Jimmy Carson
25.4%
Jimmy Carson
25.4%
Igor Larionov
24.4%
Jean Ratelle
23.8%
Jean Ratelle
23.8%
Jean Ratelle
23.8%
Jean Ratelle
23.8%
Jean Ratelle
23.8%
Ray Whitney
23.6%
Alex Delvecchio
22.1%
Rob Brown
20.6%
Rod Gilbert
20.2%
Dennis Maruk
20.2%
Dino Ciccarelli
19%
Jacques Lemaire
18.8%
Kent Nilsson
18.2%
Frank Mahovlich
16.2%
Pierre Larouche
13.1%

You're not logged in!

Compare scores with friends on all Sporcle quizzes.
Join for Free
OR
Log In

You Might Also Like...

Show Comments

Extras

Top Quizzes Today


Score Distribution

Your Account Isn't Verified!

In order to create a playlist on Sporcle, you need to verify the email address you used during registration. Go to your Sporcle Settings to finish the process.

Report this User

Report this user for behavior that violates our Community Guidelines.

Details: